| 000 | 00370nam a2200145Ia 4500 | ||
|---|---|---|---|
| 008 | 240624s9999 xx 000 0 und d | ||
| 041 | _aeng | ||
| 082 | _a304.8 BAI | ||
| 100 | _aBAILEY RAYNA | ||
| 245 | _aIMMIGRATION AND MIGRATION | ||
| 250 | _a11 | ||
| 260 |
_c2010 _aNew Delhi _bViva Books Private Limited |
||
| 300 | _ax, : 325 : p. : cm. ; 23 | ||
| 365 |
_cRS _b33.5 |
||
| 999 |
_c17915 _d17915 |
||